Selected topics in graph theory /

Guardado en:
Otros Autores: Beineke, Lowell W. (Editor ), Wilson, Robin J. (Editor )
Formato: Libro
Idioma:English
Publicado: London : Academic Press, 1978-1988.
Etiquetas: Agregar Etiqueta
Sin Etiquetas, Sea el primero en etiquetar este registro!
LEADER 02535nam a22002895a 4500
001 MAT.inmabb004330
008 070303m19781988enka#####b####001#0#eng#d
005 20130304161346.0
245 1 0 |a Selected topics in graph theory /  |c edited by Lowell W. Beineke and Robin J. Wilson. 
260 |a London :  |b Academic Press,  |c 1978-1988. 
300 |a 3 v. :  |b il. ;  |c 24 cm. 
504 |a Incluye referencias bibliográficas e índices. 
505 0 |a Vol. 1: Arthur T. White and Lowell W. Beineke, Topological graph theory -- Arthur T. White, The proof of the Heawood conjecture -- D. R. Woodall and Robin J. Wilson, The Appel-Haken proof of the four-color theorem -- Stanley Fiorini and Robin J. Wilson, Edge-colorings of graphs -- J.-C. Bermond, Hamiltonian graphs -- K. B. Reid and Lowell W. Beineke, Tournaments -- C. St. J. A. Nash-Williams, The reconstruction problem -- D. R. Woodall, Minimax theorems in graph theory -- Robert L. Hemminger and Lowell W. Beineke, Line graphs and line digraphs -- Allen J. Schwenk and Robin J. Wilson, On the eigenvalues of a graph -- Peter J. Cameron, Strongly regular graphs -- T. D. Parsons, Ramsey graph theory -- Edgar M. Palmer, The enumeration of graphs -- Ronald C. Read, Some applications of computers in graph theory. 
505 0 |a Vol. 2: Herbert Fleischner, Eulerian graphs -- L. Lovász, Perfect graphs -- Peter J. Cameron, Automorphism groups of graphs -- Carsten Thomassen, Infinite graphs -- M. Simonovits, Extremal graph theory -- Geoffrey Grimmett, Random graphs -- William T. Trotter, Jr., Graphs and partially ordered sets -- Richard K. Guy, Graphs and games 
505 0 |a Vol. 3: Lowell W. Beineke and Robin J. Wilson, Introduction -- R. C. Read and W. T. Tutte, Chromatic polynomials -- Dominic Welsh, Matroids and their applications -- François Jaeger, Nowhere-zero flow problems -- Carsten Thomassen, Paths, circuits and subdivisions -- R. L. Graham, Isometric embeddings of graphs -- F. R. K. Chung, Labelings of graphs -- Joseph Malkevitch, Polytopal graphs -- C. Berge, Hypergraphs. 
510 4 |a MR,  |c 81e:05059  |3 (v. 1) 
510 4 |a MR,  |c 86e:05002  |3 (v. 2) 
510 4 |a MR,  |c 93h:05003  |3 (v. 3) 
020 |a 0120862506 (v. 1) 
020 |a 0120862026 (v. 2) 
020 |a 0120862034 (v. 3) 
700 1 |a Beineke, Lowell W.  |4 edt 
700 1 |a Wilson, Robin J.  |4 edt 
084 |a 05-06 (05Cxx)  |2 msc2000 
859 |h 05  |i Se464  |p A-4807  |v 1  |3 vol. 1  |b BIB. MATEMATICA 
859 |h 05  |i Se464  |p A-5618  |v 2  |3 vol. 2  |b BIB. MATEMATICA 
859 |h 05  |i Se464  |p A-6816  |v 3  |3 vol. 3  |b BIB. MATEMATICA